Central Library OPAC University of Rajshahi

Behavior in organizations / (Record no. 61276)

MARC details
000 -LEADER
fixed length control field 00912nam a2200289 a 4500
001 - CONTROL NUMBER
control field 61276
003 - CONTROL NUMBER IDENTIFIER
rucl marc code BD-RjUL
005 - DATE AND TIME OF LATEST TRANSACTION
control field 20211209080937.0
008 - FIXED-LENGTH DATA ELEMENTS--GENERAL INFORMATION
fixed length control field 170116s enka b 001 0 eng
020 ## - INTERNATIONAL STANDARD BOOK NUMBER
International Standard Book Number 0070505276
035 ## - SYSTEM CONTROL NUMBER
System control number (BD-RjUL)61400
040 ## - CATALOGING SOURCE
Original cataloging agency DLC
Transcribing agency DLC
Modifying agency BD-RjUL
Language of cataloging eng
041 ## - LANGUAGE CODE
Language code of text/sound track or separate title eng
082 00 - DEWEY DECIMAL CLASSIFICATION NUMBER
Classification number 658.4
Edition number 23
Author mark and year POB 1975
100 1# - MAIN ENTRY--PERSONAL NAME
Personal name Porter, Lyman W.
9 (RLIN) 182760
245 10 - TITLE STATEMENT
Title Behavior in organizations /
Statement of responsibility, etc. [by] Lyman W. Porter, Edward E. Lawler, III [and] J. Richard Hackman.
260 ## - PUBLICATION, DISTRIBUTION, ETC. (IMPRINT)
Place of publication, distribution, etc. New York :
Name of publisher, distributor, etc. McGraw-Hill,
Date of publication, distribution, etc. c1975
300 ## - PHYSICAL DESCRIPTION
Pagination xiv, 561 p. :
Illustrations ill. ;
Size 24 cm.
490 0# - SERIES STATEMENT
Series statement McGraw-Hill series in psychology
500 ## - GENERAL NOTE
General note Include index
650 #0 - SUBJECT ADDED ENTRY--TOPICAL TERM
Topical term or geographic name as entry element Organizational behavior.
9 (RLIN) 170696
Topical term or geographic name as entry element Management.
9 (RLIN) 172842
700 1# - ADDED ENTRY--PERSONAL NAME
Personal name Lawler, Edward E.,
Relator term joint author.
Personal name Hackman, J. Richard,
Relator term joint author.
942 ## - ADDED ENTRY ELEMENTS (KOHA)
Source of classification or shelving scheme Dewey Decimal Classification
Koha item type Books
Holdings
Lost status Source of classification or shelving scheme Damaged status Not for loan Collection code Permanent Location Current Location Shelving location Date acquired Source of acquisition Total Checkouts Full call number Date last seen Copy number Koha item type
  Dewey Decimal Classification   Not For Loan Non-fiction Central Library, University of Rajshahi Central Library, University of Rajshahi Reading Room 27/08/2008 Donation   658.4 POB 1975 16/01/2017 C-1 Books